Vývoj dočasnej pracovnej neschopnosti a invalidizácie v roku 2006

Výňatok zo Správy o vývoji dočasnej pracovnej neschopnosti a invalidizácie v roku 2006 v Slovenskej republike. Analýza vývoja dočasnej pracovnej neschopnosti pre chorobu a úraz v SR podľa sledovaných ukazovateľov. Výdavky na dávky nemocenského poistenia. Lekárska posudková činnosť dôchodkového poist...

ver descrição completa

Na minha lista:
Detalhes bibliográficos
Formato: Capítulo de Livro
Idioma:eslovaco
Assuntos:
Tags: Adicionar Tag
Sem tags, seja o primeiro a adicionar uma tag!

MARC

LEADER 00000naa$a2200000$$$4500
001 0057116
005 20230925074735.9
041 0 |a slo 
044 |a SK 
245 1 0 |a Vývoj dočasnej pracovnej neschopnosti a invalidizácie v roku 2006 
520 |a Výňatok zo Správy o vývoji dočasnej pracovnej neschopnosti a invalidizácie v roku 2006 v Slovenskej republike. Analýza vývoja dočasnej pracovnej neschopnosti pre chorobu a úraz v SR podľa sledovaných ukazovateľov. Výdavky na dávky nemocenského poistenia. Lekárska posudková činnosť dôchodkového poistenia. Prehľad invalidizácie. Lekárska posudková činnosť úrazového poistenia. Príčiny ovplyvňujúce vývoj dočasnej pracovnej neschopnosti a vývoj invalidizácie. Prehľadné tabuľky a grafy. 
610 2 0 |a poistenie sociálne 
610 2 0 |a poistenie nemocenské 
610 2 0 |a poistenie úrazové 
610 2 0 |a poistenie invalidné 
610 2 0 |a invalidita 
610 2 0 |a chorobnosť 
610 2 0 |a úrazy pracovné 
610 2 0 |a starostlivosť zdravotná 
610 2 0 |a výdavky